00923nam a2200265Ia 450000500170000000800410001702000190005810000250007724500670010225000200016930000420018949000300023158600270026165000520028865000520034065000350039265000350042770000380046226400230050033600270052333700330055033800280058304000350061108400110064620220317001054.0160825s9999 xx 000 0 und d a978843481460121 aMateos, Pilard1942-13aLa bruja MoncPilar Mateos ; ilustraciones de Viví Escrivá a37a. edición  a63 páginas bilustraciones c19 cm  aEl barco de vaporpblanca aPremio Lazarillo, 1982142LEMBaCuentos infantiles españoles ySiglo XX142LEMBaLiteratura infantil española ySiglo XX142LEMBaBrujas en la literatura 142LEMB aMagia en la literatura 1 aEscrivá Palacios, Vivíd1939- aMadridbS. Mc2008 atextobtxt2rdacontent asin mediaciónbn2rdamedia avolumenbnc2rdacarrier aCO-BoRNBPbspaerdacCO-BoRNBP aC MAT4